Central Library OPAC University of Rajshahi

General topology / (Record no. 20748)

MARC details
000 -LEADER
fixed length control field 01105pam a2200361 i 4500
001 - CONTROL NUMBER
control field 20748
003 - CONTROL NUMBER IDENTIFIER
rucl marc code BD-RjUL
005 - DATE AND TIME OF LATEST TRANSACTION
control field 20211209000614.0
008 - FIXED-LENGTH DATA ELEMENTS--GENERAL INFORMATION
fixed length control field 140302s1955 nyu b 001 0 eng d
020 ## - INTERNATIONAL STANDARD BOOK NUMBER
International Standard Book Number 0442043023
035 ## - SYSTEM CONTROL NUMBER
System control number BD-RjUL)20810
System control number (OCoLC)01365153
System control number GLIS00259515
040 ## - CATALOGING SOURCE
Original cataloging agency DLC
Transcribing agency DLC
Modifying agency m.c.
-- MYG
-- BD-RjUL
Language of cataloging eng
041 ## - LANGUAGE CODE
Language code of text/sound track or separate title eng
082 04 - DEWEY DECIMAL CLASSIFICATION NUMBER
Edition number 19
Classification number 514
Author mark and year KEG 1955
090 ## - LOCALLY ASSIGNED LC-TYPE CALL NUMBER (OCLC); LOCAL CALL NUMBER (OCLC)
Classification number (OCLC) (R) ; Classification number, CALL (RLIN) (NR) QA611
Local cutter number (OCLC) ; Book number/undivided call number, CALL (RLIN) .K29 1975
099 ## - LOCAL FREE-TEXT CALL NUMBER (OCLC)
Bangla Class number QA611.K29 1975
100 1# - MAIN ENTRY--PERSONAL NAME
Personal name Kelley, John L.
9 (RLIN) 22359
245 10 - TITLE STATEMENT
Title General topology /
Statement of responsibility, etc. John L. Kelley.
260 ## - PUBLICATION, DISTRIBUTION, ETC. (IMPRINT)
Place of publication, distribution, etc. New York :
Name of publisher, distributor, etc. Springer-Verlag,
Date of publication, distribution, etc. c1955.
300 ## - PHYSICAL DESCRIPTION
Pagination xiv, 298 p. ;
Size 24 cm.
490 1# - SERIES STATEMENT
Series statement Graduate texts in mathematics ;
Volume/sequential designation 27
500 ## - GENERAL NOTE
General note Reprint of the 1955 ed. published by Van Nostrand, New York in The University series in higher mathematics.
General note Includes index.
504 ## - BIBLIOGRAPHY, ETC. NOTE
Bibliography, etc Bibliography: p. 282-291.
650 #0 - SUBJECT ADDED ENTRY--TOPICAL TERM
Topical term or geographic name as entry element Topology.
9 (RLIN) 64058
830 #0 - SERIES ADDED ENTRY--UNIFORM TITLE
Volume number/sequential designation 27.
Uniform title Graduate texts in mathematics ;
942 ## - ADDED ENTRY ELEMENTS (KOHA)
Source of classification or shelving scheme Dewey Decimal Classification
Koha item type Books
949 ## - LOCAL PROCESSING INFORMATION (OCLC)
a MYGS
b 39080003903488
Holdings
Lost status Source of classification or shelving scheme Damaged status Not for loan Collection code Permanent Location Current Location Shelving location Date acquired Source of acquisition Total Checkouts Full call number Date last seen Copy number Koha item type Cost, normal purchase price
  Dewey Decimal Classification     Non-fiction Central Library, University of Rajshahi Central Library, University of Rajshahi   26/11/1973 U. S.Govt. Gift   514 KEG 1955 02/03/2014 C-2 Books  
  Dewey Decimal Classification     Non-fiction Central Library, University of Rajshahi Central Library, University of Rajshahi   26/11/1973 U. S. Govt.   514 KEG 1955 27/08/2016 C-5 Books  
  Dewey Decimal Classification     Non-fiction Central Library, University of Rajshahi Central Library, University of Rajshahi   26/11/1973 U. S. Govt.   514 KEG 1955 27/08/2016 C-3 Books  
  Dewey Decimal Classification     Non-fiction Central Library, University of Rajshahi Central Library, University of Rajshahi   26/11/1973 U. S. Govt.   514 KEG 1955 27/08/2016 C-4 Books  
  Dewey Decimal Classification     Non-fiction Central Library, University of Rajshahi Central Library, University of Rajshahi   02/05/2001 soma Enterprise,Rajshahi   514 KEG 1955 27/08/2016 C-6 Books 120.30
  Dewey Decimal Classification     Non-fiction Central Library, University of Rajshahi Central Library, University of Rajshahi   02/05/2001 soma Enterprise,Rajshahi   514 KEG 1955 03/11/2016 C-7 Books 120.30